[Event "66th ch-RUS w 2016"]
[Site "Novosibirsk RUS"]
[Date "2016.10.16"]
[Round "1"]
[White "Pustovoitova,D"]
[Black "Ovod,E"]
[Result "1/2-1/2"]
[WhiteElo "2386"]
[BlackElo "2362"]
[EventDate "2016.10.15"]

1. d4 d5 2. c4 e6 3. Nf3 Nf6 4. g3 Bb4+ 5. Bd2 Be7 6. Bg2 O-O 7. O-O c6 8.
Bf4 dxc4 9. Ne5 Nd5 10. Nxc4 Nxf4 11. gxf4 b5 12. Ne5 Bb7 13. Nc3 Qb6 14.
Ne4 f6 15. Nd3 Qxd4 16. Rc1 a5 17. Qb3 Bc8 18. Rfd1 a4 19. Qc2 Qb6 20. Nec5
Rd8 21. e3 Ra7 22. b4 Rc7 23. a3 Na6 24. Nxa6 Bxa6 25. Nc5 Rxd1+ 26. Rxd1
Bc8 27. Bh3 f5 28. e4 g6 29. Qc3 Ra7 30. Bg2 fxe4 31. Qe5 Bf8 32. Bh3 Re7
33. Nxe4 Qc7 34. Qg5 Rf7 35. Nf6+ Kh8 36. Ne8 Qxf4 37. Qxf4 Rxf4 38. Rd8
Bb7 39. Rb8 Rf3 40. Bxe6 Rxa3 41. Rxb7 Rf3 42. Kg2 Rf4 43. Kg3 g5 44. Bd7
Bxb4 45. Bxc6 a3 46. Bd5 Be1 47. Nd6 a2 48. Rb8+ Kg7 49. Bxa2 Rxf2 50. Rg8+
Kh6 51. Re8 Rf1+ 52. Kg2 Rf2+ 53. Kg1 Rxa2 54. Rxe1 b4 55. Rb1 Kg6 56. Ne4
h5 57. Rxb4 Ra1+ 58. Kg2 Ra2+ 59. Nf2 g4 60. Rf4 Kg5 61. Rf8 h4 62. Rg8+
Kf5 63. Kf1 g3 64. hxg3 hxg3 65. Rxg3 Kf4 66. Kg2 Rc2 67. Ra3 Rb2 68. Ra4+
Kf5 69. Kf3 Rb3+ 70. Ke2 Rb2+ 71. Ke3 Rb3+ 72. Nd3 Rb8 73. Ra5+ Ke6 74. Ke4
Kf6 75. Kf4 Ke6 76. Nc5+ Kd6 77. Ne4+ Ke6 78. Re5+ Kd7 79. Kf5 Rf8+ 80.
Nf6+ Kd6 81. Re6+ Kc5 82. Ke5 Rh8 83. Ne4+ Kc4 84. Rc6+ Kb5 85. Rc5+ Kb6
86. Kd4 Rh4 87. Rc1 Kb5 88. Rc2 Kb6 89. Kd5 Rh5+ 90. Ke6 Rh6+ 91. Nf6 Kb5
92. Ke5 Rh1 93. Rc8 Rh2 94. Kd4 Rh4+ 95. Kd5 Kb4 96. Ne4 Rh5+ 97. Kd4 Kb5
98. Nc3+ Kb6 99. Nd5+ Kb7 100. Rc7+ Kb8 101. Rg7 Rh1 102. Nb4 Kc8 103. Kc5
Rc1+ 104. Kd6 Rd1+ 105. Nd5 Kb8 106. Rg4 Kb7 107. Rb4+ Ka6 108. Rb3 Rh1
109. Kc5 Rh5 110. Rb2 1/2-1/2

[Event "66th ch-RUS w 2016"]
[Site "Novosibirsk RUS"]
[Date "2016.10.16"]
[Round "1"]
[White "Galliamova,A"]
[Black "Girya,O"]
[Result "0-1"]
[WhiteElo "2450"]
[BlackElo "2446"]
[EventDate "2016.10.15"]

1. d4 d5 2. c4 c6 3. Nf3 Nf6 4. e3 Bg4 5. Qb3 Qb6 6. Nc3 e6 7. Nh4 Bh5 8.
h3 Nbd7 9. g4 Bg6 10. Nxg6 hxg6 11. Bg2 g5 12. O-O Be7 13. Rd1 Qxb3 14.
axb3 a6 15. f3 Rd8 16. Bd2 Nf8 17. Ne2 Ng6 18. Kf2 Nh4 19. Bf1 Ng6 20. Bg2
Nh4 21. Bf1 Ng6 22. Bc3 Bd6 23. Ng3 Kf8 24. Re1 Bc7 25. Rad1 Kg8 26. Ne2
Rh6 27. Nc1 Nd7 28. Nd3 f5 29. gxf5 exf5 30. cxd5 cxd5 31. Nc5 Nxc5 32.
dxc5 g4 33. f4 gxh3 34. Bd3 Ne7 35. Rg1 h2 36. Rh1 Kf7 37. Rd2 Rg8 38. Kf1
Rh3 39. Re2 Rgh8 40. Rg2 R8h7 41. Ke2 g6 42. Be1 Nc6 43. Bg3 Ba5 44. Kf3
Bb4 45. Rgxh2 Rxh2 46. Rxh2 Rxh2 47. Bxh2 Bxc5 48. Bg3 Bb4 49. Ke2 Ke6 50.
Kd1 Nd8 51. Be2 Nf7 52. Kc2 Nd6 53. Bf3 Ne4 54. Bh4 Ba5 55. Kd3 Kd6 56. Bg2
Ke6 57. Bf3 b5 58. Bg2 Nc5+ 59. Kc2 Ne4 60. Kd3 Kd7 61. Bf3 Kd6 62. Bg2 Kd7
63. Bf3 Bb4 64. Bg2 a5 65. Kd4 Kd6 66. Kd3 Nc5+ 67. Kc2 Ne4 68. Kd3 Nc5+
69. Kc2 Nd7 70. Bf1 Kc6 71. Bg2 Bc5 72. Kd2 Kd6 73. Bf1 b4 74. Bb5 d4 75.
exd4 Bxd4 76. Bd8 Nc5 77. Kc2 Ne6 78. Bxa5 Bc5 79. Be8 Nxf4 80. Bd8 Ne6 81.
Bf6 g5 82. Kd3 g4 83. Bh4 Ke5 84. Bc6 f4 85. Be1 f3 86. Bg3+ Kf6 87. Bh4+
Kf5 88. Bd7 Ke5 89. Bg3+ Kd5 90. Bc8 Bd6 91. Bb7+ Kc5 92. Bf2+ Kb5 93. Bc8
Nf4+ 94. Kd2 Bc5 95. Bxc5 0-1

[Event "66th ch-RUS w 2016"]
[Site "Novosibirsk RUS"]
[Date "2016.10.16"]
[Round "1"]
[White "Charochkina,D"]
[Black "Gunina,V"]
[Result "1-0"]
[WhiteElo "2366"]
[BlackElo "2535"]
[EventDate "2016.10.15"]

1. d4 Nf6 2. c4 e6 3. Nc3 Bb4 4. Qc2 d5 5. a3 Bxc3+ 6. Qxc3 Ne4 7. Qc2 c5
8. dxc5 Nc6 9. Nf3 Qa5+ 10. Nd2 Nd4 11. Qd1 dxc4 12. e3 Nb3 13. Bxc4 Nxa1
14. b4 Qd8 15. Nxe4 O-O 16. Bb2 Qh4 17. Nd6 a5 18. Bxa1 axb4 19. axb4 Bd7
20. O-O Bc6 21. e4 Rfd8 22. b5 Be8 23. Qd4 Qh6 24. f4 Ra4 25. Rf3 Bxb5 26.
Rg3 f6 27. Qxf6 Qxf6 28. Bxf6 Rxd6 29. cxd6 Rxc4 30. Rxg7+ Kf8 31. Rxb7
Rc1+ 32. Kf2 Rc2+ 33. Kg3 Bc6 34. d7 1-0

[Event "66th ch-RUS w 2016"]
[Site "Novosibirsk RUS"]
[Date "2016.10.17"]
[Round "2"]
[White "Kashlinskaya,A"]
[Black "Charochkina,D"]
[Result "1/2-1/2"]
[WhiteElo "2462"]
[BlackElo "2366"]
[EventDate "2016.10.15"]

1. d4 f5 2. c4 Nf6 3. g3 e6 4. Bg2 d5 5. Nh3 c6 6. O-O Bd6 7. Qc2 O-O 8.
Bf4 Be7 9. Nd2 h6 10. Bxb8 Rxb8 11. Nf4 Bd6 12. Nd3 Bd7 13. Nf3 Be8 14.
Nfe5 Ng4 15. Rad1 Rc8 16. Qb3 Qe7 17. Nxg4 fxg4 18. e4 dxe4 19. Bxe4 Kh8
20. Ne5 c5 21. Bb1 Bxe5 22. dxe5 Bc6 23. Rd6 Qf7 24. Qc2 Qg8 25. Qg6 Bf3
26. Rxe6 Be2 27. Re1 Bxc4 28. Re7 Rcd8 29. e6 Rd2 30. Rd7 Rdxf2 31. e7 Rf1+
32. Rxf1 Rxf1+ 33. Kg2 Re1 34. Qxg4 Be6 35. Qxg7+ Kxg7 36. e8=Q+ Bxd7 37.
Qxe1 Qd5+ 38. Be4 Qe5 39. Qc3 Qxc3 40. bxc3 b5 41. Kf3 b4 42. cxb4 cxb4 43.
Bd5 Kf6 44. Ke4 Kg5 45. Kd4 Kg4 46. Kc5 Kh3 47. Kxb4 Kxh2 48. Bf7 Kxg3 49.
a4 Kf4 50. a5 Ke5 51. Kc5 Bg4 52. Kc6 Bf3+ 53. Kc7 Kd4 54. Kb8 a6 55. Ka7
Be2 56. Kb6 Kc3 57. Be8 Kb4 58. Bf7 Bb5 59. Bh5 Bc4 1/2-1/2

[Event "66th ch-RUS w 2016"]
[Site "Novosibirsk RUS"]
[Date "2016.10.17"]
[Round "2"]
[White "Girya,O"]
[Black "Ubiennykh,E"]
[Result "1-0"]
[WhiteElo "2446"]
[BlackElo "2346"]
[EventDate "2016.10.15"]

1. d4 Nf6 2. c4 g6 3. Nc3 Bg7 4. e4 d6 5. Be2 O-O 6. Be3 e5 7. d5 c6 8. g4
cxd5 9. cxd5 Qa5 10. f3 b5 11. Bxb5 Bd7 12. Bxd7 Nbxd7 13. Nge2 Nc5 14. O-O
Rab8 15. Rb1 Rfc8 16. Qd2 Nfd7 17. Rfc1 Qb4 18. Ng3 a5 19. b3 Bf8 20. Qe2
Rc7 21. Na4 Rcb7 22. Rc4 Qb5 23. Rbc1 Qa6 24. R1c2 Rb5 25. Nxc5 dxc5 26.
Kg2 Qb7 27. Nf1 Rb4 28. Bd2 Rxc4 29. Qxc4 Ra8 30. Ne3 Qa6 31. Qxa6 Rxa6 32.
a4 Bd6 33. Nc4 Bc7 34. g5 h6 35. gxh6 f6 36. Be3 Kh7 37. Na3 Bd6 38. Nc4
Be7 39. Rd2 g5 40. Kg3 Kg6 41. d6 Bd8 42. Kg4 Rc6 43. h7 Kxh7 44. Kf5 Kg7
45. h4 gxh4 46. Rh2 Kf7 47. Rxh4 Nf8 48. f4 exf4 49. Bxf4 Ra6 50. Rh8 Ne6
51. Bh6 Nd4+ 52. Kg4 Nc6 53. Be3 Kg7 54. Rh5 Nd4 55. Rxc5 Ne6 56. Rc8 Kf7
57. Kf3 Ke8 58. Ke2 Kd7 59. Rb8 Rc6 60. Rb7+ Kc8 61. Rf7 Nc5 62. Bxc5 Rxc5
63. Kd3 Rh5 64. Nd2 Rh3+ 65. Kc4 Re3 66. Rh7 Re2 67. Kd3 Re1 68. Nc4 Rb1
69. Kc2 Re1 70. d7+ Kc7 71. Nxa5 Rxe4 72. Nc4 Rd4 73. a5 f5 74. Rf7 Kb7 75.
Rxf5 Rxd7 76. b4 Rd4 77. Kb3 Rd1 78. Ka4 Rg1 79. Rd5 Rg8 80. Rd7+ Kc8 81.
Rf7 Bc7 82. a6 Kb8 83. Na5 Rg1 84. Nc6+ Kc8 85. Rf8+ Kd7 86. a7 1-0

[Event "66th ch-RUS w 2016"]
[Site "Novosibirsk RUS"]
[Date "2016.10.17"]
[Round "2"]
[White "Goryachkina,A"]
[Black "Galliamova,A"]
[Result "0-1"]
[WhiteElo "2460"]
[BlackElo "2450"]
[EventDate "2016.10.15"]

1. c4 c6 2. Nf3 d5 3. e3 Nf6 4. Nc3 e6 5. b3 Nbd7 6. Qc2 Bd6 7. Bb2 O-O 8.
Be2 Re8 9. O-O e5 10. cxd5 Nxd5 11. Ne4 Bc7 12. d3 Nf8 13. Rfd1 Ng6 14. a3
a5 15. h3 Nh4 16. Ned2 Re6 17. Qc4 Nxf3+ 18. Nxf3 b5 19. Qc2 Rg6 20. Kf1
Qe7 21. Rac1 Bd7 22. d4 e4 23. Ne5 Bxe5 24. dxe5 Qh4 25. e6 fxe6 26. Bg4
Rf8 27. Kg1 h5 28. g3 Qg5 29. Rxd5 cxd5 30. Bd1 Qf5 31. g4 hxg4 32. hxg4 e5
33. Qc5 Qxf2+ 0-1

[Event "66th ch-RUS w 2016"]
[Site "Novosibirsk RUS"]
[Date "2016.10.17"]
[Round "2"]
[White "Bodnaruk,A"]
[Black "Pustovoitova,D"]
[Result "1-0"]
[WhiteElo "2463"]
[BlackElo "2386"]
[EventDate "2016.10.15"]

1. e4 e5 2. Nf3 Nc6 3. Bb5 Nf6 4. d3 Bc5 5. Nbd2 d6 6. O-O a6 7. Bxc6+ bxc6
8. c3 O-O 9. Re1 Re8 10. Nf1 Bb6 11. Bg5 h6 12. Bh4 Bg4 13. h3 Bxf3 14.
Qxf3 g5 15. Bg3 Nh7 16. Ne3 Bxe3 17. fxe3 Qf6 18. Qe2 Re6 19. b4 d5 20.
exd5 cxd5 21. e4 dxe4 22. Qxe4 Rae8 23. Re2 Qe7 24. Rae1 Nf6 25. Qc4 e4 26.
Bf2 Nd7 27. Rxe4 Ne5 28. Qd4 f6 29. R4e3 Qh7 30. Qd5 Qf7 31. d4 Nd3 32.
Rxe6 Kg7 33. Qc6 1-0

[Event "66th ch-RUS w 2016"]
[Site "Novosibirsk RUS"]
[Date "2016.10.18"]
[Round "3"]
[White "Galliamova,A"]
[Black "Ovod,E"]
[Result "1/2-1/2"]
[WhiteElo "2450"]
[BlackElo "2362"]
[EventDate "2016.10.15"]

1. d4 d5 2. c4 e6 3. Nf3 Nf6 4. Nc3 Be7 5. Bf4 O-O 6. e3 b6 7. Bd3 dxc4 8.
Bxc4 Ba6 9. Bxa6 Nxa6 10. O-O c5 11. Qe2 Qc8 12. e4 cxd4 13. Nxd4 Rd8 14.
Ndb5 Qb7 15. Rfd1 Nc5 16. f3 Rxd1+ 17. Rxd1 Rd8 18. b4 Rxd1+ 19. Qxd1 Ncd7
20. Bd6 Bd8 21. e5 a6 22. exf6 axb5 23. Be7 Bc7 24. Nxb5 Nxf6 25. Bxf6 gxf6
26. g3 Qc6 27. a4 Kf8 28. Kg2 Ke7 29. Qd3 f5 30. Qc3 Qxc3 31. Nxc3 Kd7 32.
Kf2 Bd6 33. Na2 Kc6 34. Ke3 h5 35. Kd4 f4 36. gxf4 Bxf4 37. h3 f5 38. Kc4
Bd2 39. Kd3 Bg5 40. Kd4 Bf6+ 41. Kc4 Bb2 42. Kb3 Bd4 43. Nc1 Kd5 44. a5
bxa5 45. bxa5 e5 46. Ne2 Bf2 47. a6 e4 48. f4 h4 49. Nc3+ Kc6 50. Kc4 Be3
51. Ne2 Bf2 52. Nc3 Be3 53. Nd5 Bc5 54. a7 Bxa7 55. Ne7+ Kd7 56. Nxf5 Bb8
57. Kd4 1/2-1/2

[Event "66th ch-RUS w 2016"]
[Site "Novosibirsk RUS"]
[Date "2016.10.18"]
[Round "3"]
[White "Ubiennykh,E"]
[Black "Goryachkina,A"]
[Result "0-1"]
[WhiteElo "2346"]
[BlackElo "2460"]
[EventDate "2016.10.15"]

1. d4 Nf6 2. c4 e6 3. Nc3 Bb4 4. e3 O-O 5. Nge2 c6 6. a3 Ba5 7. Qc2 d5 8.
Ng3 Nbd7 9. Be2 dxc4 10. Bxc4 e5 11. O-O Bc7 12. Rd1 exd4 13. Rxd4 Be5 14.
Rd1 Ng4 15. Qe4 Qh4 16. h3 Ndf6 17. Bxf7+ Kxf7 18. Qb4 a5 19. Qb3+ Be6 20.
Qxb7+ Kg8 21. Qxc6 Bb3 22. Nh1 Bh2+ 23. Kf1 Nxf2 24. Rd4 N6g4 0-1

[Event "66th ch-RUS w 2016"]
[Site "Novosibirsk RUS"]
[Date "2016.10.18"]
[Round "3"]
[White "Charochkina,D"]
[Black "Girya,O"]
[Result "0-1"]
[WhiteElo "2366"]
[BlackElo "2446"]
[EventDate "2016.10.15"]

1. Nf3 d5 2. g3 Bg4 3. Bg2 c6 4. d3 Nf6 5. O-O Nbd7 6. h3 Bh5 7. Qe1 e5 8.
e4 dxe4 9. dxe4 Be7 10. Nbd2 O-O 11. Nc4 Qc7 12. Nh4 Rfe8 13. a4 Nc5 14.
Nf5 Bf8 15. Bg5 Nfd7 16. a5 Ne6 17. Be3 b5 18. axb6 axb6 19. Qd2 b5 20.
Ncd6 Red8 21. Rxa8 Rxa8 22. c4 Rd8 23. Ra1 Ndc5 24. Bxc5 Nxc5 25. Qg5 Bg6
26. Ra7 Qb8 27. Re7 Rxd6 28. Nxd6 f6 29. Qg4 Bxe7 30. Nc8 Kf7 31. b4 h5 32.
Qe2 Qxc8 33. bxc5 b4 34. f4 Bxc5+ 35. Kh1 Kg8 0-1

[Event "66th ch-RUS w 2016"]
[Site "Novosibirsk RUS"]
[Date "2016.10.18"]
[Round "3"]
[White "Gunina,V"]
[Black "Kashlinskaya,A"]
[Result "1-0"]
[WhiteElo "2535"]
[BlackElo "2462"]
[EventDate "2016.10.15"]

1. d4 Nf6 2. c4 e6 3. g3 d5 4. Nf3 dxc4 5. Bg2 c5 6. O-O Nc6 7. dxc5 Qxd1
8. Rxd1 Bxc5 9. Nbd2 c3 10. bxc3 O-O 11. Nb3 Be7 12. Nfd4 Nxd4 13. cxd4 Nd5
14. Na5 f5 15. a4 Nc3 16. Rd2 Bb4 17. Nc4 Nd5 18. Rc2 Bd7 19. Ne5 Be8 20.
a5 Bd6 21. Ba3 Bxe5 22. dxe5 Ba4 23. Rb2 Rf7 24. Bxd5 exd5 25. e6 Rc7 26.
Bd6 Rc6 27. Rxa4 Rxd6 28. Rxb7 Rxe6 29. e3 Re4 30. Rd4 Rxd4 31. exd4 a6 32.
Rd7 f4 33. gxf4 Rf8 34. Rxd5 Rxf4 35. Kg2 Kf7 36. Kg3 g5 37. Rxg5 Rxd4 38.
Rc5 Ra4 39. h4 Kg6 40. f3 Kg7 41. f4 Ra1 42. Kg4 Rg1+ 43. Kf5 Ra1 44. Ke6
Re1+ 45. Re5 Rh1 46. h5 Kh6 47. f5 Rf1 48. Re2 Kg7 49. Rg2+ Kf8 50. Kf6 Rc1
51. Re2 Rc5 52. h6 Rxa5 53. Rc2 Ke8 54. Ke6 Kd8 55. f6 Ra1 56. Rd2+ Kc7 57.
f7 Re1+ 58. Kf6 Rf1+ 59. Kg7 Rg1+ 60. Kxh7 Rf1 61. Kg7 Rg1+ 62. Kf8 Rh1 63.
Rg2 1-0

[Event "66th ch-RUS w 2016"]
[Site "Novosibirsk RUS"]
[Date "2016.10.19"]
[Round "4"]
[White "Girya,O"]
[Black "Gunina,V"]
[Result "0-1"]
[WhiteElo "2446"]
[BlackElo "2535"]
[EventDate "2016.10.15"]

1. d4 Nf6 2. c4 e6 3. Nc3 Bb4 4. e3 O-O 5. Bd3 d5 6. Nf3 c5 7. O-O cxd4 8.
exd4 dxc4 9. Bxc4 b6 10. Bg5 Bb7 11. Qe2 Nbd7 12. Ne5 Rc8 13. Rac1 h6 14.
Nxd7 Qxd7 15. Bxf6 gxf6 16. Rfd1 Rfd8 17. Bb3 Bf8 18. Rd3 Bg7 19. Qh5 f5
20. d5 exd5 21. Rcd1 d4 22. Ne2 Qe7 23. Rg3 Rd6 24. Qxf5 Rc5 25. Qf4 Re5
26. Bxf7+ Kh8 27. Bc4 Rxe2 28. Bxe2 Qxe2 29. Rc1 Rf6 30. Qxd4 Rf7 31. Qe3
Qxb2 32. Rd1 Qc2 33. Rd8+ Kh7 34. h3 Qf5 35. Rd6 Bf8 36. Rd1 Bc5 37. Rd4
Qxf2+ 38. Qxf2 Rxf2 39. Kxf2 Bxd4+ 40. Ke2 Bc5 41. Kd3 Bd5 42. a4 a5 43.
Rg4 Bc6 44. Kc3 Bd7 45. Re4 Kg6 46. g4 Kg5 47. Kb3 Kh4 48. Re5 Kg3 49. g5
Bd6 50. Re3+ Kf4 51. Rd3 Be6+ 52. Kb2 Be5+ 53. Ka3 hxg5 54. h4 g4 55. h5
Bf5 0-1

[Event "66th ch-RUS w 2016"]
[Site "Novosibirsk RUS"]
[Date "2016.10.19"]
[Round "4"]
[White "Goryachkina,A"]
[Black "Charochkina,D"]
[Result "1/2-1/2"]
[WhiteElo "2460"]
[BlackElo "2366"]
[EventDate "2016.10.15"]

1. d4 Nf6 2. c4 e6 3. Nc3 Bb4 4. Qc2 O-O 5. Nf3 c5 6. dxc5 Na6 7. g3 Qa5 8.
Bg2 Ne4 9. Qxe4 Bxc3+ 10. Bd2 Bxd2+ 11. Nxd2 Nxc5 12. Qc2 d5 13. O-O Bd7
14. cxd5 exd5 15. Bxd5 Ne6 16. Bxb7 Rab8 17. Nb3 Qb6 18. Bg2 a5 19. Qd2 a4
20. Qxd7 axb3 21. e3 Nc5 22. Qc6 Qxc6 23. Bxc6 bxa2 24. Rxa2 Nd3 25. Be4
Rxb2 26. Ra5 Rb3 27. Rd1 Nb2 28. Rb1 Rb4 29. Bf3 g6 30. Ra7 Rd8 31. Be2 Rd2
32. Kf1 Rc2 33. Raa1 Rc7 34. h4 Kg7 35. Rc1 Rcb7 36. Kg2 Rd7 37. Rc2 Na4
38. Rd1 Re7 39. Rd6 Nb6 40. Rcc6 Rb2 41. Bf3 Rb7 42. g4 h6 43. Kg3 Nd7 44.
Rc8 Ra7 45. Ra8 Rxa8 46. Bxa8 Ne5 47. Rd4 g5 48. h5 Rb3 49. Be4 Ra3 50. Bf5
Ra1 51. f4 gxf4+ 52. exf4 Ra3+ 53. Kf2 Ra2+ 54. Ke3 Ra3+ 55. Ke4 Nc6 56.
Rd7 Nb8 57. Rc7 Na6 58. Rc4 Ra4 59. Rxa4 Nc5+ 60. Kd4 Nxa4 61. Bd7 Nb6 62.
Be8 Kf6 63. Kc5 Nc8 64. Bd7 Ne7 65. Kd6 Ng8 66. Bc8 Ne7 67. Bb7 Ng8 68. Kd7
Kg7 69. Bf3 Nf6+ 70. Kd6 Ng8 71. Be2 Nf6 72. Ke5 Ng8 73. Bd3 Nf6 74. Bf5
Ng8 75. Bd3 Nf6 76. Kf5 Nd5 77. Ke4 Nf6+ 78. Kf3 Nd5 79. Be4 Nf6 80. Bc6
Ng8 81. Kg3 Ne7 82. Be4 Ng8 83. Kh4 Nf6 84. Bc6 Ng8 85. g5 hxg5+ 86. fxg5
Nh6 87. Be4 Ng8 88. Kg4 Nh6+ 89. Kf4 Ng8 90. Bf5 Nh6 91. Ke5 Ng8 92. Kd6
Nh6 93. Bd3 Ng8 94. Kd7 Nh6 95. Bc4 Ng8 96. Ke8 Nh6 97. Bb3 Nf5 98. Bc2 Nh6
99. Bd3 Ng8 100. Be4 Nh6 101. Bf3 Ng8 102. Be2 Nh6 1/2-1/2

[Event "66th ch-RUS w 2016"]
[Site "Novosibirsk RUS"]
[Date "2016.10.19"]
[Round "4"]
[White "Ovod,E"]
[Black "Ubiennykh,E"]
[Result "1-0"]
[WhiteElo "2362"]
[BlackElo "2346"]
[EventDate "2016.10.15"]

1. d4 Nf6 2. Bg5 Ne4 3. Bf4 c5 4. f3 Qa5+ 5. c3 Nf6 6. d5 e6 7. e4 exd5 8.
exd5 d6 9. Qd2 Be7 10. c4 Qxd2+ 11. Nxd2 Nh5 12. Be3 f5 13. Ne2 Kf7 14.
O-O-O Re8 15. Ng3 Nf6 16. Nb1 Na6 17. Nc3 Bf8 18. Bf4 Nc7 19. h4 h5 20. Bd3
g6 21. Nge2 Bd7 22. Bg5 Rab8 23. Rdf1 b5 24. b3 bxc4 25. bxc4 Rb4 26. Rhg1
Na8 27. a3 Rb7 28. g4 Nb6 29. Bxf6 Kxf6 30. gxh5 gxh5 31. Nf4 Ke5 32. Nce2
Bh6 33. Rg5 Reb8 34. Kd2 Nxc4+ 35. Bxc4 Bb5 36. Kc3 Bxc4 37. Kxc4 Re8 38.
Rfg1 Rh7 39. Rxh5 1-0

[Event "66th ch-RUS w 2016"]
[Site "Novosibirsk RUS"]
[Date "2016.10.19"]
[Round "4"]
[White "Bodnaruk,A"]
[Black "Galliamova,A"]
[Result "1-0"]
[WhiteElo "2463"]
[BlackElo "2450"]
[EventDate "2016.10.15"]

1. e4 c5 2. Nf3 e6 3. d4 cxd4 4. Nxd4 Nc6 5. Nc3 Qc7 6. Be2 a6 7. O-O Bc5
8. Be3 d6 9. Qd2 Nf6 10. Rad1 Bd7 11. Nb3 Bxe3 12. Qxe3 O-O 13. Qg3 Ne5 14.
f4 Ng6 15. h4 h6 16. h5 Ne7 17. Qd3 d5 18. e5 Nh7 19. Nd4 f6 20. exf6 Rxf6
21. Qe3 b5 22. a3 Nf8 23. g3 Rb8 24. Na2 Nf5 25. Nxf5 Rxf5 26. Nb4 Rb6 27.
c3 a5 28. Nd3 Be8 29. g4 Rf6 30. Rf2 Rb8 31. Rdf1 Qb6 32. Qg3 Qd6 33. Qe3
d4 34. cxd4 Rd8 35. Nc5 Qxd4 36. Qxd4 Rxd4 37. Nb3 Ra4 38. Nc5 Rd4 39. Nb3
Ra4 40. Kh2 Bc6 41. Kg3 e5 42. fxe5 Rxf2 43. Rxf2 Ne6 44. Bd1 Re4 45. Re2
Rxe2 46. Bxe2 a4 47. Na5 Bd7 48. Nb7 Kf8 49. Bd3 Nc7 50. Nc5 Be8 51. Be4
Ke7 52. Kf4 Bf7 53. Bc6 Bc4 54. Ke3 Nd5+ 55. Bxd5 Bxd5 56. Kf4 Bg8 57. Nb7
Bd5 58. Nd6 Bc6 59. Nf5+ Kf7 60. Nd4 Bd7 61. Nf5 Kf8 62. Ke3 Kf7 63. Kd4 g6
64. Nxh6+ Kg7 65. g5 gxh5 66. Kd5 Kg6 67. e6 Be8 68. Ke5 Kxg5 69. Nf7+ Kg6
70. Nd6 Bc6 71. e7 Kg5 72. e8=Q Bxe8 73. Nxe8 h4 74. Nf6 h3 75. Ne4+ Kg6
76. Kf4 h2 77. Nf2 Kf6 78. Ng4+ Ke6 79. Nxh2 Kd5 80. Nf3 b4 81. axb4 Kc4
82. Ke3 Kxb4 83. Nd4 Kc4 84. Ke4 Kc5 85. Kd3 Kb4 86. Kc2 a3 87. b3 a2 88.
Kb2 a1=Q+ 89. Kxa1 Kc3 90. Ka2 Kxd4 91. Ka3 Kc5 92. Ka4 Kc6 93. Ka5 Kb7 94.
Kb5 Kc7 95. Ka6 Kb8 96. b4 Kc7 97. b5 Kb8 98. Kb6 1-0

[Event "66th ch-RUS w 2016"]
[Site "Novosibirsk RUS"]
[Date "2016.10.20"]
[Round "5"]
[White "Galliamova,A"]
[Black "Pustovoitova,D"]
[Result "0-1"]
[WhiteElo "2450"]
[BlackElo "2386"]
[EventDate "2016.10.15"]

1. d4 Nf6 2. c4 e6 3. Nf3 Bb4+ 4. Nbd2 O-O 5. a3 Be7 6. e4 d6 7. Qc2 Nbd7
8. b3 e5 9. Bb2 exd4 10. Nxd4 Re8 11. g3 Bf8 12. Bg2 g6 13. O-O Bg7 14.
Rad1 Nc5 15. b4 Ne6 16. Nxe6 Rxe6 17. c5 dxc5 18. Nb3 Qe8 19. Nxc5 Re7 20.
e5 Ng4 21. e6 Bxe6 22. Bxg7 Kxg7 23. Nxe6+ Rxe6 24. Bxb7 Rd8 25. Qc3+ Rf6
26. Bf3 Rxd1 27. Rxd1 Qe5 28. Rc1 Qf5 29. Bxg4 Qxg4 30. Qxc7 Qd4 31. Qc2
Rf3 32. Qa2 h5 33. b5 h4 34. Qa1 Qxa1 35. Rxa1 h3 36. a4 Rb3 37. Kf1 f5 38.
Rc1 Kh6 39. Rc4 Kg5 40. Rh4 Ra3 41. Ke2 Kf6 42. Kd2 Ke5 43. Kc2 Kd5 44. Kb1
Rf3 45. Rxh3 Rxf2 46. Rh7 g5 47. Rxa7 Rxh2 48. Rc7 f4 49. gxf4 gxf4 50. b6
Kd6 51. Rc4 Kd7 52. b7 Rh8 53. a5 f3 54. a6 f2 55. a7 f1=Q+ 0-1

[Event "66th ch-RUS w 2016"]
[Site "Novosibirsk RUS"]
[Date "2016.10.20"]
[Round "5"]
[White "Ubiennykh,E"]
[Black "Bodnaruk,A"]
[Result "0-1"]
[WhiteElo "2346"]
[BlackElo "2463"]
[EventDate "2016.10.15"]

1. e4 c5 2. Nf3 d6 3. d4 cxd4 4. Nxd4 Nf6 5. Nc3 a6 6. Bg5 e6 7. Qe2 Qc7 8.
g3 Be7 9. Bg2 O-O 10. O-O-O Nc6 11. f4 Bd7 12. Nf3 Rac8 13. Kb1 b5 14. e5
dxe5 15. fxe5 Nd5 16. Nxd5 exd5 17. Bxe7 Nxe7 18. Nd4 Be6 19. Rd3 Ng6 20.
Re1 Rfe8 21. Re3 Qb6 22. Qd2 Rc4 23. Rd3 Qc7 24. b3 Rc5 25. Rde3 a5 26. Bf1
b4 27. Bd3 Qb6 28. h4 Bg4 29. Bf5 Bxf5 30. Nxf5 Qe6 31. Nd4 Qg4 32. e6 f6
33. Rf1 h5 34. Kb2 Ne5 35. Rf4 Qg6 36. Rf5 Qg4 37. Rf4 Qg6 38. Qd1 Rc3 39.
Qe1 Rc5 40. Rxe5 fxe5 41. Qxe5 Rec8 42. Qf5 Qxg3 43. Qf7+ Kh7 44. Qxh5+ Kg8
45. Rf3 Qg1 46. Qf7+ Kh8 47. Rf2 Qe1 48. Qf3 Qe5 49. Qd3 Rc3 50. Qd1 Kg8
51. h5 a4 52. h6 a3+ 53. Kb1 Re3 54. Rf1 Re4 55. c3 Rxc3 56. h7+ Kxh7 57.
e7 Rce3 58. e8=Q Qxe8 59. Nf3 Rxf3 60. Rh1+ Kg8 61. Qxf3 Qe5 0-1

[Event "66th ch-RUS w 2016"]
[Site "Novosibirsk RUS"]
[Date "2016.10.20"]
[Round "5"]
[White "Charochkina,D"]
[Black "Ovod,E"]
[Result "1-0"]
[WhiteElo "2366"]
[BlackElo "2362"]
[EventDate "2016.10.15"]

1. c4 f5 2. d4 Nf6 3. Nc3 d6 4. Bg5 Nbd7 5. Qc2 g6 6. O-O-O Bg7 7. h4 c5 8.
Bxf6 Bxf6 9. e3 cxd4 10. exd4 Bg7 11. h5 Bh6+ 12. Kb1 Nf6 13. hxg6 hxg6 14.
Qd2 Nh5 15. Qe1 Kf7 16. Nf3 Be6 17. Bd3 Qc8 18. d5 Bd7 19. g4 fxg4 20.
Bxg6+ Kxg6 21. Qxe7 gxf3 22. Ne4 Bh3 23. Rdg1+ Bg2 24. Qxd6+ Kf7 25. Rxh5
Bg7 26. Ng5+ Kg8 27. Rxh8+ Kxh8 28. Qg6 Kg8 29. Qh7+ Kf8 30. Ne6+ Ke7 31.
Qxg7+ Kd6 32. c5+ Kxd5 33. Rd1+ Ke4 34. Rd4+ Kf5 35. Qg5+ Kxe6 36. Rd6+ Kf7
37. Rf6+ 1-0

[Event "66th ch-RUS w 2016"]
[Site "Novosibirsk RUS"]
[Date "2016.10.20"]
[Round "5"]
[White "Gunina,V"]
[Black "Goryachkina,A"]
[Result "0-1"]
[WhiteElo "2535"]
[BlackElo "2460"]
[EventDate "2016.10.15"]

1. d4 Nf6 2. c4 e6 3. g3 d5 4. Bg2 Bb4+ 5. Nd2 O-O 6. Ngf3 b6 7. O-O Bb7 8.
cxd5 exd5 9. a3 Be7 10. b4 Nbd7 11. Bb2 c5 12. dxc5 bxc5 13. bxc5 Nxc5 14.
Nb3 Na4 15. Bd4 Ne4 16. Qd3 Bf6 17. Bxf6 Qxf6 18. Na5 Ba6 19. Qxd5 Nac3 20.
Qe5 Qb6 21. Nb3 Qxb3 22. Nd4 Qc4 23. e3 Rae8 24. Qf4 Qxd4 0-1

[Event "66th ch-RUS w 2016"]
[Site "Novosibirsk RUS"]
[Date "2016.10.20"]
[Round "5"]
[White "Kashlinskaya,A"]
[Black "Girya,O"]
[Result "1/2-1/2"]
[WhiteElo "2462"]
[BlackElo "2446"]
[EventDate "2016.10.15"]

1. d4 d5 2. c4 c6 3. Nf3 Nf6 4. Nc3 e6 5. Bg5 Be7 6. e3 h6 7. Bh4 Nbd7 8.
Qc2 O-O 9. Rd1 b6 10. cxd5 cxd5 11. Bd3 Bb7 12. O-O Rc8 13. Qb1 a6 14. Rc1
b5 15. a3 Nb6 16. Qa2 Nc4 17. Nb1 Qa5 18. Ne5 Rfe8 19. h3 Bd6 20. Bxf6 gxf6
21. Nf3 Re7 22. Rc2 Rec7 23. Nbd2 Nxd2 24. Rxd2 b4 25. a4 Bc6 26. b3 Bb7
27. Kh1 Rc1 28. Rdd1 Rxd1 29. Rxd1 Rc3 30. Ng1 Kf8 31. Ne2 Rc8 32. Qd2 Ke7
33. f4 Qb6 34. Qe1 a5 35. Qh4 Ba6 36. Qxh6 Bxd3 37. Rxd3 Qa6 38. Rd2 Rc3
39. Ng3 Rxe3 40. Nh5 Qf1+ 41. Kh2 Re4 42. Qxf6+ Ke8 43. Qh8+ Ke7 44. Qf6+
Ke8 45. Qh8+ Ke7 1/2-1/2

[Event "66th ch-RUS w 2016"]
[Site "Novosibirsk RUS"]
[Date "2016.10.21"]
[Round "6"]
[White "Goryachkina,A"]
[Black "Kashlinskaya,A"]
[Result "1/2-1/2"]
[WhiteElo "2460"]
[BlackElo "2462"]
[EventDate "2016.10.15"]

1. d4 d5 2. c4 e6 3. Nf3 Nf6 4. g3 dxc4 5. Bg2 Bd7 6. Ne5 Bc6 7. Nxc6 Nxc6
8. O-O Qd7 9. e3 O-O-O 10. Qa4 Nd5 11. Qxc4 h5 12. Bd2 h4 13. b4 Ncxb4 14.
Bxb4 Bxb4 15. e4 Nf4 16. gxf4 Qxd4 17. Qxd4 Rxd4 18. h3 Rh6 19. a3 Ba5 20.
Ra2 Rf6 21. Rc2 Rxf4 22. Nc3 Bxc3 23. Rxc3 Rd2 24. f3 f5 25. exf5 exf5 26.
Re1 Rfd4 27. Re8+ Rd8 28. Rxd8+ Kxd8 29. Rc4 Ra2 30. a4 g5 31. f4 g4 32.
Bxb7 Ra1+ 33. Kg2 Ra2+ 34. Kf1 Ra1+ 35. Kg2 Ra2+ 36. Kf1 Ra1+ 37. Ke2 gxh3
38. Rc3 Rxa4 39. Rxh3 Rxf4 40. Ra3 Kd7 41. Bg2 Rb4 42. Rxa7 Kd6 43. Ra6+
Ke5 44. Rc6 Rg4 45. Kf2 Rg7 46. Rc4 Rh7 47. Bh3 Kd5 48. Rf4 Rh5 49. Kf3 c5
50. Ke3 c4 51. Bg2+ Ke5 52. Bf3 Rh8 53. Rxc4 h3 54. Rc5+ Kf6 55. Kf4 Rh4+
56. Kg3 Kg5 57. Rc8 Rh6 58. Rg8+ Rg6 59. Rb8 Rh6 60. Kh2 Kf4 61. Be2 Ke3
62. Bc4 f4 63. Re8+ Kf2 64. Rf8 Ke3 65. Bd5 Rh5 66. Be6 Rg5 67. Kxh3 f3 68.
Bc4 f2 69. Rf6 Rg1 70. Ba6 Rh1+ 71. Kg2 Rg1+ 72. Kh2 Rg4 73. Re6+ Kf4 74.
Rf6+ Ke3 75. Re6+ Kf4 76. Re8 Rg1 77. Rf8+ Ke3 78. Rf6 Kd4 1/2-1/2